Teorie růstu nové institucionální ekonomie založená na northovském konceptu path dependency

Charakteristika koncepcie path dependency.Príklady aplikácie tejto koncepcie pri objasnení dlhodobých rozdielov v ekonomickej výkonnosti a to ako z histórie tak zo súčasnosti.

Uložené v:
Podrobná bibliografia
Hlavný autor: Kouba, Luděk
Médium: Kapitola
Jazyk:Czech
Predmet:
Tagy: Pridať tag
Žiadne tagy, Buďte prvý, kto otaguje tento záznam!

MARC

LEADER 00000naa$a2200000$$$4500
001 0089461
005 20231107110747.1
041 0 |a cze 
044 |a CZ 
245 1 0 |a Teorie růstu nové institucionální ekonomie založená na northovském konceptu path dependency  |c Luděk Kouba 
520 |a Charakteristika koncepcie path dependency.Príklady aplikácie tejto koncepcie pri objasnení dlhodobých rozdielov v ekonomickej výkonnosti a to ako z histórie tak zo súčasnosti. 
610 2 0 |a výkonnosť ekonomiky 
610 2 0 |a teórie ekonomické 
610 2 0 |a inštitúcia 
610 2 0 |a inštitucionalizmus 
610 2 0 |a vzťahy ekonomické 
100 1 |a Kouba, Luděk